000 00602nam a2200229Ia 4500
003 OSt
005 20221007065355.0
006 a|||||r|||| 00| 0
007 ta
008 221006b |||||||| |||| 00| 0 eng d
024 _a28,664
037 _cTextual
040 _aFLL
_cFLL
_beng
041 _2eng
_aeng
082 _aZQ7v, K4;1
100 _aCoulson N.J.
245 0 _aHistory of Islamic law
260 _aEdinburgh
_bEdinburgh University Press Edinburgh
_c1964
300 _aviii,264p
_ccm.
942 _hZQ7v, K4;1
_cTEXL
_2CC
999 _c1137138
_d1137138